[Event "Junior Online 4NCL Division 5"]
[Site "online"]
[Date "2021.04.01"]
[EventDate "2021.04.01"]
[Round "6.126"]
[White "Jinturkar, Paras"]
[WhiteElo "1000"]
[WhiteTeam "KEGS C"]
[Black "Popovici, Serena"]
[BlackElo "1250"]
[BlackTeam "Colchester Juniors C"]
[Result "1-0"]
[PlyCount "67"]

1. d4 d5 2. Nc3 Nf6 3. Bf4 a6 4. Nf3 Nc6 5. Ne5 Bf5 6. g4 Nxg4 7. Nxg4 Bxg4 8. Bg2 e6 9. h3 Bf5 10. e4 dxe4 11. Nxe4 Qxd4 12. Qxd4 Nxd4 13. O-O Ne2+ 14. Kh1 Nxf4 15. Bf3 Nxh3 16. Rad1 Bxe4 17. Bxe4 f5 18. Bxb7 Rb8 19. Bc6+ Kf7 20. Rd7+ Be7 21. Kh2 Ng5 22. f4 h6 23. b3 Nh7 24. Rxc7 g5 25. Re1 gxf4 26. Bd7 Rhf8 27. Bxe6+ Kf6 28. Bd5 f3 29. Rcxe7 Ng5 30. Rc7 Rfd8 31. Rc6+ Kg7 32. Re7+ Kh8 33. Rxh6+ Nh7 34. Rhxh7# 1-0

[Event "Junior Online 4NCL Division 5"]
[Site "online"]
[Date "2021.04.01"]
[EventDate "2021.04.01"]
[Round "6.127"]
[White "Shiva, Shrishti"]
[WhiteElo "1235"]
[WhiteTeam "Colchester Juniors C"]
[Black "Bennett, Ben"]
[BlackElo "1000"]
[BlackTeam "KEGS C"]
[Result "1-0"]
[PlyCount "123"]

1. e4 e5 2. Nf3 Nc6 3. Bc4 h6 4. Nc3 Bc5 5. d3 Nf6 6. h3 a6 7. Be3 Bxe3 8. fxe3 d6 9. O-O Qe7 10. Re1 Bd7 11. d4 exd4 12. exd4 O-O-O 13. e5 dxe5 14. Nxe5 Nxe5 15. Rxe5 Qd6 16. Qd3 Rde8 17. Rae1 g5 18. Bxf7 Rxe5 19. dxe5 Qxd3 20. cxd3 Ne8 21. e6 Bc6 22. d4 Nd6 23. d5 Bb5 24. Nxb5 axb5 25. Bh5 Kd8 26. e7+ Kd7 27. e8=Q+ Rxe8 28. Bxe8+ Nxe8 29. Re6 h5 30. Rg6 c6 31. dxc6+ bxc6 32. Rxg5 h4 33. Rh5 Nd6 34. Rh7+ Ke6 35. Rxh4 Nc4 36. b3 Ne5 37. Re4 Kd5 38. Rxe5+ Kxe5 39. Kf2 Kf4 40. Ke2 Kg3 41. Kd3 Kxg2 42. Kd4 Kxh3 43. Kc5 Kg2 44. Kxc6 Kf2 45. Kxb5 Ke3 46. a4 Kd4 47. a5 Kc3 48. a6 Kxb3 49. a7 Kc3 50. a8=Q Kd4 51. Qf3 Ke5 52. Qd3 Kf4 53. Qe2 Kf5 54. Qe3 Kf6 55. Qe4 Kf7 56. Qe5 Kf8 57. Qc7 Ke8 58. Kc5 Kf8 59. Kd6 Kg8 60. Ke6 Kh8 61. Kf6 Kg8 62. Qg7# 1-0

[Event "Junior Online 4NCL Division 5"]
[Site "online"]
[Date "2021.04.01"]
[EventDate "2021.04.01"]
[Round "6.128"]
[White "Havis, Adam"]
[WhiteElo "800"]
[WhiteTeam "KEGS C"]
[Black "Chung, Vince"]
[BlackElo "1202"]
[BlackTeam "Colchester Juniors C"]
[Result "0-1"]
[PlyCount "112"]

1. e4 e5 2. Nf3 Nc6 3. Bb5 Bc5 4. Bxc6 dxc6 5. Nc3 Nf6 6. O-O Bd6 7. d4 exd4 8. Nxd4 O-O 9. Nf5 Re8 10. Bg5 Bxf5 11. exf5 Re5 12. g4 Qe7 13. Re1 Re8 14. Rxe5 Bxe5 15. Qe1 Bxh2+ 16. Kf1 Qf8 17. Qd2 Nxg4 18. Re1 Nf6 19. Bxf6 Rxe1+ 20. Qxe1 gxf6 21. Qe2 Qg7 22. Qe8+ Qf8 23. Qe2 Qg7 24. Qe8+ Qf8 25. Qxf8+ Kxf8 26. Ne4 Be5 27. b3 Ke7 28. Ke2 Kf8 29. Ke3 Kg7 30. Kf3 Kh6 31. Kg4 Kg7 32. Kh5 h6 33. Kg4 b6 34. c4 b5 35. cxb5 cxb5 36. Nc5 a5 37. f4 Bd4 38. Na6 c5 39. Nc7 c4 40. bxc4 bxc4 41. Nd5 c3 42. Kf3 c2 43. Ke4 c1=Q 44. Kxd4 Qd1+ 45. Ke4 Qc2+ 46. Kd4 Qxf5 47. a4 h5 48. Kc5 h4 49. Kc6 Qc8+ 50. Nc7 h3 51. Kb6 h2 52. Kxa5 Qxc7+ 53. Kb5 h1=Q 54. a5 Qhb7+ 55. Ka4 Qc4+ 56. Ka3 Qbb3# 0-1

[Event "Junior Online 4NCL Division 5"]
[Site "online"]
[Date "2021.04.01"]
[EventDate "2021.04.01"]
[Round "6.131"]
[White "Srinivasan, Raghav"]
[WhiteElo "1545"]
[WhiteTeam "Chess Challengers B"]
[Black "Wong, Joseph"]
[BlackElo "1299"]
[BlackTeam "Wanstead Warriors 3"]
[Result "1-0"]
[PlyCount "63"]

1. e4 d5 2. exd5 Qxd5 3. Nc3 Qa5 4. d4 c6 5. Nf3 Nf6 6. Bf4 Bg4 7. h3 Bxf3 8. Qxf3 Nbd7 9. O-O-O e6 10. Bc4 Bb4 11. Bb3 Bxc3 12. Qxc3 Qf5 13. Bg3 Nd5 14. Bxd5 Qxd5 15. Qd3 Qxg2 16. Rh2 Qd5 17. c4 Qg5+ 18. Kb1 O-O 19. h4 Qh5 20. Rdh1 c5 21. Qd1 Qg6+ 22. Qc2 f5 23. dxc5 Nxc5 24. h5 Qf6 25. h6 g6 26. Bd6 Rfc8 27. Bxc5 Rxc5 28. f4 Rac8 29. b3 b5 30. Qb2 bxc4 31. Qxf6 cxb3 32. Qg7# 1-0

[Event "Junior Online 4NCL Division 5"]
[Site "online"]
[Date "2021.04.01"]
[EventDate "2021.04.01"]
[Round "6.132"]
[White "Ali, Zaki"]
[WhiteElo "1189"]
[WhiteTeam "Wanstead Warriors 3"]
[Black "Bhatia, Jai"]
[BlackElo "1584"]
[BlackTeam "Chess Challengers B"]
[Result "0-1"]
[PlyCount "46"]

1. e4 e5 2. Nf3 Nc6 3. Bc4 h6 4. c3 Nf6 5. d3 d6 6. O-O Be7 7. Re1 g5 8. h3 Nh7 9. a3 g4 10. hxg4 Bxg4 11. Ba2 Ng5 12. Re3 h5 13. Nbd2 h4 14. Qf1 Qd7 15. Nxg5 Bxg5 16. Re1 h3 17. gxh3 Bxh3 18. Qe2 O-O-O 19. Nf3 Bxc1 20. Raxc1 Rdg8+ 21. Kh2 Bg4+ 22. Kg3 Rh3+ 23. Kg2 Bxf3+ 0-1

[Event "Junior Online 4NCL Division 5"]
[Site "online"]
[Date "2021.04.01"]
[EventDate "2021.04.01"]
[Round "6.133"]
[White "Sharavana, Harshith"]
[WhiteElo "1491"]
[WhiteTeam "Chess Challengers B"]
[Black "Quin, Wilder"]
[BlackElo "1100"]
[BlackTeam "Wanstead Warriors 3"]
[Result "1-0"]
[PlyCount "39"]

1. e4 e6 2. d4 d5 3. e5 c5 4. c3 Nc6 5. Nf3 Nh6 6. Bxh6 gxh6 7. Bb5 Qb6 8. a4 Rg8 9. O-O a6 10. Bxc6+ Qxc6 11. b4 cxb4 12. cxb4 Qc4 13. Qd2 Bxb4 14. Qxh6 Rxg2+ 15. Kxg2 Bc3 16. Nxc3 Qxc3 17. Qxh7 Ke7 18. Ng5 Kd7 19. Qxf7+ Kc6 20. Rac1 1-0

[Event "Junior Online 4NCL Division 5"]
[Site "online"]
[Date "2021.04.01"]
[EventDate "2021.04.01"]
[Round "6.134"]
[White "Fearn, Elliot"]
[WhiteElo "1100"]
[WhiteTeam "Wanstead Warriors 3"]
[Black "Mali, Harshal"]
[BlackElo "1487"]
[BlackTeam "Chess Challengers B"]
[Result "0-1"]
[PlyCount "70"]

1. e4 e5 2. Nc3 Nc6 3. Nf3 Nf6 4. Bc4 Bc5 5. d4 Bb6 6. d5 Nb4 7. Nxe5 O-O 8. d6 cxd6 9. Qxd6 Nxc2+ 10. Kd1 Nxa1 11. Bg5 h6 12. Bxf6 Qxf6 13. Qxf6 gxf6 14. Ng4 d5 15. Nxh6+ Kh7 16. Bxd5 Kxh6 17. Kd2 Ba5 18. Rxa1 Rg8 19. Bxf7 Rxg2 20. Re1 Rxf2+ 21. Kd3 Bg4 22. e5 fxe5 23. Rxe5 Rd8+ 24. Ke3 Rf3+ 25. Ke4 Bb6 26. Nd5 Rxf7 27. h4 Bf5+ 28. Kf4 Be6+ 29. Ke4 Bxd5+ 30. Rxd5 Re7+ 31. Re5 Rd4+ 32. Kf5 Rf7+ 33. Ke6 Rf2 34. Ke7 Bd8+ 35. Ke6 Rf6# 0-1

[Event "Junior Online 4NCL Division 5"]
[Site "online"]
[Date "2021.04.01"]
[EventDate "2021.04.01"]
[Round "6.135"]
[White "Wong, Joseph"]
[WhiteElo "1299"]
[WhiteTeam "Wanstead Warriors 3"]
[Black "Srinivasan, Raghav"]
[BlackElo "1545"]
[BlackTeam "Chess Challengers B"]
[Result "0-1"]
[PlyCount "150"]

1. e4 e5 2. Nf3 Nc6 3. d4 exd4 4. Nxd4 Nxd4 5. Qxd4 d6 6. Nc3 Qe7 7. Bb5+ c6 8. Bc4 d5 9. Bd3 dxe4 10. Bxe4 f5 11. Bg5 Nf6 12. Bxf6 gxf6 13. O-O-O fxe4 14. Nxe4 Qc7 15. Nxf6+ Kf7 16. Ne4 Bh6+ 17. Kb1 Bg7 18. Qc4+ Be6 19. Qd3 Rad8 20. Qf3+ Ke7 21. Qa3+ c5 22. Nxc5 Rxd1+ 23. Rxd1 Kf7 24. Qf3+ Bf6 25. Nxe6 Kxe6 26. Re1+ Kf7 27. Qd5+ Kg7 28. g4 Qf7 29. Qf5 Re8 30. Rg1 Bh4 31. Qb5 Bxf2 32. Rf1 Re1+ 33. Rxe1 Bxe1 34. Qe5+ Kf8 35. Qxe1 Qg7 36. Qb4+ Ke8 37. Qe4+ Kd8 38. Qd3+ Kc7 39. Qc3+ Qxc3 40. bxc3 Kc6 41. Kb2 Kc5 42. Kb3 b5 43. a4 bxa4+ 44. Kxa4 Kc4 45. h4 Kd5 46. Kb4 Ke5 47. c4 Kf4 48. Kb5 Kxg4 49. c5 Kf5 50. c6 Ke6 51. Kc5 Ke7 52. c4 Kd8 53. Kd5 Kc7 54. c5 a5 55. Kc4 Kxc6 56. h5 a4 57. Kb4 a3 58. Kxa3 Kxc5 59. Kb3 Kd4 60. Kc2 Ke3 61. Kc3 Kf4 62. Kd4 Kg5 63. Ke5 Kxh5 64. Kf6 Kg4 65. Kg7 h5 66. Kh7 h4 67. Kh6 h3 68. Kg6 h2 69. Kh6 h1=Q+ 70. Kg6 Qc6+ 71. Kf7 Kf5 72. Ke7 Qe6+ 73. Kf8 Qd7 74. Kg8 Kg6 75. Kh8 Qh7# 0-1

[Event "Junior Online 4NCL Division 5"]
[Site "online"]
[Date "2021.04.01"]
[EventDate "2021.04.01"]
[Round "6.136"]
[White "Bhatia, Jai"]
[WhiteElo "1584"]
[WhiteTeam "Chess Challengers B"]
[Black "Ali, Zaki"]
[BlackElo "1189"]
[BlackTeam "Wanstead Warriors 3"]
[Result "1-0"]
[PlyCount "87"]

1. e4 c5 2. Nf3 d6 3. Nc3 Nf6 4. Bc4 Bd7 5. Ng5 e6 6. Nf3 g6 7. e5 dxe5 8. Nxe5 Nc6 9. Nxd7 Qxd7 10. d3 Qd4 11. Be3 Qe5 12. Qd2 Bh6 13. O-O-O Bxe3 14. fxe3 a6 15. Rhe1 b5 16. Bb3 b4 17. Ne4 Nxe4 18. dxe4 Rd8 19. Qe2 Rxd1+ 20. Rxd1 Qxh2 21. Qxa6 Qc7 22. Ba4 O-O 23. Qxc6 Qa7 24. Bb3 c4 25. Qxc4 Qxe3+ 26. Kb1 e5 27. Qxb4 Kg7 28. a4 Qe2 29. Rc1 Qxg2 30. a5 Ra8 31. Qa4 Qd2 32. a6 Qd6 33. a7 Qc7 34. Bd5 Rxa7 35. Qc6 Qa5 36. c3 h5 37. Qd6 f6 38. Qe6 Qd8 39. Rf1 h4 40. Rxf6 Kh8 41. Rxg6 Rg7 42. Rh6+ Rh7 43. Qxe5+ Qf6 44. Qxf6# 1-0

[Event "Junior Online 4NCL Division 5"]
[Site "online"]
[Date "2021.04.01"]
[EventDate "2021.04.01"]
[Round "6.137"]
[White "Quin, Wilder"]
[WhiteElo "1100"]
[WhiteTeam "Wanstead Warriors 3"]
[Black "Sharavana, Harshith"]
[BlackElo "1491"]
[BlackTeam "Chess Challengers B"]
[Result "1-0"]
[PlyCount "43"]

1. e4 e5 2. Nc3 Nc6 3. Nf3 Nf6 4. Bc4 Bb4 5. d3 Bxc3+ 6. bxc3 O-O 7. d4 exd4 8. cxd4 a6 9. Bg5 h6 10. Bf4 Nxe4 11. O-O b5 12. Bd5 Nc3 13. Bxf7+ Rxf7 14. Qd2 b4 15. Rfe1 Nd5 16. Be3 Nxe3 17. Qxe3 Kh7 18. Qe4+ g6 19. Nh4 d5 20. Qxg6+ Kh8 21. Qxf7 Bb7 22. Ng6# 1-0

[Event "Junior Online 4NCL Division 5"]
[Site "online"]
[Date "2021.04.01"]
[EventDate "2021.04.01"]
[Round "6.138"]
[White "Mali, Harshal"]
[WhiteElo "1487"]
[WhiteTeam "Chess Challengers B"]
[Black "Fearn, Elliot"]
[BlackElo "1100"]
[BlackTeam "Wanstead Warriors 3"]
[Result "0-1"]
[PlyCount "50"]

1. e4 e6 2. Nf3 d5 3. Nc3 c5 4. Bb5+ Nc6 5. exd5 exd5 6. O-O Qd6 7. d4 Bg4 8. dxc5 Qxc5 9. Re1+ Be7 10. Ng5 Bxd1 11. Rxd1 Nf6 12. Be3 Qd6 13. Nxd5 Ng4 14. Nc7+ Qxc7 15. Nf3 Bd6 16. Bxc6+ Qxc6 17. Rd3 Qxc2 18. Rd2 Qc7 19. Ng5 Bxh2+ 20. Kf1 Qc4+ 21. Ke1 Qb4 22. a3 Qb3 23. f3 Qxe3+ 24. Re2 Bg3+ 25. Kf1 Nh2# 0-1

[Event "Junior Online 4NCL Division 5"]
[Site "online"]
[Date "2021.04.01"]
[EventDate "2021.04.01"]
[Round "6.141"]
[White "Gardner, Zac"]
[WhiteElo "1139"]
[WhiteTeam "Barnet Knights F"]
[Black "Santhosh, Alwis Joe"]
[BlackElo "1179"]
[BlackTeam "Ojays G"]
[Result "1-0"]
[PlyCount "43"]

1. e4 e5 2. Nf3 Nc6 3. Bc4 Bc5 4. d3 d6 5. h3 h6 6. Nc3 Nf6 7. O-O Be6 8. Nd5 O-O 9. Be3 Bb6 10. Nh4 Nxd5 11. exd5 Bxd5 12. Bxd5 Qxh4 13. Bxc6 bxc6 14. Qf3 d5 15. Rae1 d4 16. Bd2 Qf6 17. Qg3 Rfe8 18. Re2 Re6 19. Rfe1 Qe7 20. Rxe5 Re8 21. Bxh6 Rxe5 22. Qxg7# 1-0

[Event "Junior Online 4NCL Division 5"]
[Site "online"]
[Date "2021.04.01"]
[EventDate "2021.04.01"]
[Round "6.142"]
[White "Genc, Guven"]
[WhiteElo "1167"]
[WhiteTeam "Ojays G"]
[Black "Saunders, Oliver"]
[BlackElo "1104"]
[BlackTeam "Barnet Knights F"]
[Result "1-0"]
[PlyCount "70"]

1. e4 e5 2. Nf3 Nc6 3. Bb5 Nf6 4. O-O d6 5. d4 exd4 6. Nxd4 a6 7. Nxc6 Qd7 8. Bc4 bxc6 9. Re1 Be7 10. e5 dxe5 11. Qxd7+ Bxd7 12. Rxe5 Ng4 13. Re2 Be6 14. Bxe6 fxe6 15. Rxe6 Rf8 16. f3 Rd8 17. Nc3 Nf6 18. Bf4 Nd5 19. Nxd5 cxd5 20. Bxc7 Rd7 21. Ba5 Rf6 22. Rae1 h5 23. Bb4 Rxe6 24. Rxe6 g5 25. Rxe7+ Rxe7 26. Bxe7 Kxe7 27. Kf2 g4 28. fxg4 hxg4 29. Kg3 Kf6 30. Kxg4 Ke5 31. h4 d4 32. Kf3 Kf5 33. g4+ Kg6 34. h5+ Kg5 35. Ke4 a5 1-0

[Event "Junior Online 4NCL Division 5"]
[Site "online"]
[Date "2021.04.01"]
[EventDate "2021.04.01"]
[Round "6.143"]
[White "Kotha, Vedant"]
[WhiteElo "1120"]
[WhiteTeam "Barnet Knights F"]
[Black "Gascoyne, Thomas"]
[BlackElo "1160"]
[BlackTeam "Ojays G"]
[Result "0-1"]
[PlyCount "36"]

1. e4 e5 2. Nf3 Nc6 3. g3 d6 4. h3 d5 5. exd5 Qxd5 6. Bg2 e4 7. Nc3 Qe6 8. Ng1 Qf6 9. d3 exd3 10. Qxd3 Qe5+ 11. Be3 Bb4 12. Nf3 Bxc3+ 13. bxc3 Nb4 14. Qc4 Nxc2+ 15. Kf1 Nxe3+ 16. Kg1 Nxc4 17. Re1 Qxe1+ 18. Nxe1 Nf6 0-1

[Event "Junior Online 4NCL Division 5"]
[Site "online"]
[Date "2021.04.01"]
[EventDate "2021.04.01"]
[Round "6.145"]
[White "Santhosh, Alwis Joe"]
[WhiteElo "1179"]
[WhiteTeam "Ojays G"]
[Black "Gardner, Zac"]
[BlackElo "1139"]
[BlackTeam "Barnet Knights F"]
[Result "1-0"]
[PlyCount "61"]

1. e4 e5 2. Nf3 Nc6 3. Bc4 Bc5 4. Nc3 Nf6 5. d3 h6 6. Be3 Nd4 7. Nxe5 d6 8. Nxf7 Qe7 9. Nxh8 Bg4 10. f3 Be6 11. Ng6 Qf7 12. Bxe6 Nxe6 13. Bxc5 dxc5 14. Ne5 Qh5 15. Nc4 O-O-O 16. O-O Nf4 17. Ne2 Nh3+ 18. gxh3 Qxh3 19. Ng3 h5 20. Qe2 h4 21. Nf5 Nh5 22. Qg2 Qxg2+ 23. Kxg2 Nf4+ 24. Kh1 Nh3 25. Ne5 Re8 26. Nc4 g6 27. Ng7 Rg8 28. Ne6 g5 29. Nxc5 g4 30. fxg4 Rxg4 31. Rf8# 1-0

[Event "Junior Online 4NCL Division 5"]
[Site "online"]
[Date "2021.04.01"]
[EventDate "2021.04.01"]
[Round "6.146"]
[White "Saunders, Oliver"]
[WhiteElo "1104"]
[WhiteTeam "Barnet Knights F"]
[Black "Genc, Guven"]
[BlackElo "1167"]
[BlackTeam "Ojays G"]
[Result "1-0"]
[PlyCount "53"]

1. e4 c5 2. Bc4 Nc6 3. Nf3 Nf6 4. Nc3 e6 5. d4 cxd4 6. Nxd4 d5 7. exd5 exd5 8. Nxc6 bxc6 9. Bd3 Bd6 10. Bg5 Be6 11. O-O h6 12. Bxf6 gxf6 13. Re1 Rg8 14. Bf5 Kd7 15. Bxe6+ fxe6 16. Qe2 e5 17. f4 e4 18. Rad1 Qb6+ 19. Qe3 d4 20. Qxd4 Qc7 21. Nxe4 Rae8 22. Qxd6+ Qxd6 23. Nxf6+ Kc7 24. Nxe8+ Rxe8 25. Rxd6 Rxe1+ 26. Kf2 Rc1 27. Rd2 1-0

[Event "Junior Online 4NCL Division 5"]
[Site "online"]
[Date "2021.04.01"]
[EventDate "2021.04.01"]
[Round "6.147"]
[White "Gascoyne, Thomas"]
[WhiteElo "1160"]
[WhiteTeam "Ojays G"]
[Black "Kotha, Vedant"]
[BlackElo "1120"]
[BlackTeam "Barnet Knights F"]
[Result "0-1"]
[PlyCount "142"]

1. c4 e5 2. Nc3 Nf6 3. e4 Nc6 4. d3 h6 5. Nd5 Bc5 6. Nf3 d6 7. Nxf6+ Qxf6 8. Be2 Bb4+ 9. Bd2 Bxd2+ 10. Qxd2 b6 11. d4 exd4 12. c5 dxc5 13. Bb5 Bb7 14. e5 Qe6 15. O-O O-O-O 16. Bd3 a6 17. Nh4 Kb8 18. b3 Qxe5 19. Rfe1 Qd6 20. Nf5 Qf6 21. Ng3 Rde8 22. Nh5 Qd6 23. Rxe8+ Rxe8 24. Re1 Rxe1+ 25. Qxe1 g6 26. Qe8+ Nd8 27. Ng7 Qd5 28. Be4 Qd6 29. Bxb7 Kxb7 30. Qe4+ Ka7 31. h3 d3 32. Ne8 Qd7 33. Nf6 Qd4 34. Qxd4 cxd4 35. Kf1 c5 36. Ke1 b5 37. Kd2 c4 38. bxc4 bxc4 39. Nd5 c3+ 40. Kxd3 Ne6 41. g3 Kb7 42. Nf4 Kc6 43. Ne2 Kc5 44. f4 Kb4 45. g4 Ka3 46. f5 gxf5 47. gxf5 Nc5+ 48. Kxd4 Na4 49. Nxc3 Nxc3 50. Kxc3 Kxa2 51. Kb4 Kb2 52. Ka5 Kc3 53. Kxa6 Kd4 54. Kb6 Ke5 55. Kc7 Kxf5 56. Kd7 Kg6 57. Ke7 f5 58. Ke6 f4 59. Ke5 f3 60. Kf4 f2 61. Kg3 f1=Q 62. h4 Qg1+ 63. Kf4 Qd4+ 64. Kg3 Kf5 65. Kf3 Qg4+ 66. Ke3 Qf4+ 67. Kd3 Qe4+ 68. Kc3 Ke5 69. Kd2 Kd4 70. Kd1 Kc3 71. Kc1 Qc2# 0-1

[Event "Junior Online 4NCL Division 5"]
[Site "online"]
[Date "2021.04.01"]
[EventDate "2021.04.01"]
[Round "6.148"]
[White "Pugh, Ben"]
[WhiteElo "993"]
[WhiteTeam "Barnet Knights F"]
[Black "Bhogathi, Abhiram"]
[BlackElo "1127"]
[BlackTeam "Ojays G"]
[Result "0-1"]
[PlyCount "30"]

1. d4 d5 2. e3 Nf6 3. Bb5+ Nc6 4. c3 a6 5. Bxc6+ bxc6 6. Nd2 e6 7. Ngf3 Bd6 8. O-O O-O 9. Nb3 Re8 10. Qd3 e5 11. dxe5 Bxe5 12. Nxe5 Rxe5 13. Bd2 Qd6 14. Na5 Rh5 15. c4 Qxh2# 0-1

[Event "Junior Online 4NCL Division 5"]
[Site "online"]
[Date "2021.04.01"]
[EventDate "2021.04.01"]
[Round "6.151"]
[White "Stevens, Tobias"]
[WhiteElo "1468"]
[WhiteTeam "Wanstead Warriors 2"]
[Black "Harb, Laith A"]
[BlackElo "1256"]
[BlackTeam "JHJ Shark Tank 8"]
[Result "1/2-1/2"]
[PlyCount "31"]

1. e4 c5 2. Nf3 d6 3. d4 cxd4 4. Nxd4 Nf6 5. Nc3 a6 6. Be3 e6 7. Bc4 b5 8. Bd3 Bb7 9. f3 Be7 10. Qd2 Nbd7 11. O-O-O Nb6 12. Qf2 Nfd7 13. Rhe1 Ne5 14. Nxe6 fxe6 15. Bxb6 Qd7 16. Bd4 1/2-1/2

[Event "Junior Online 4NCL Division 5"]
[Site "online"]
[Date "2021.04.01"]
[EventDate "2021.04.01"]
[Round "6.152"]
[White "Stacey, Edward"]
[WhiteElo "1255"]
[WhiteTeam "JHJ Shark Tank 8"]
[Black "Ta, Duc"]
[BlackElo "1351"]
[BlackTeam "Wanstead Warriors 2"]
[Result "0-1"]
[PlyCount "82"]

1. e4 e6 2. d4 d5 3. e5 c5 4. c3 Nc6 5. Nf3 Qb6 6. Qb3 c4 7. Qxb6 axb6 8. Na3 Be7 9. Nb5 Kd8 10. Bg5 f6 11. exf6 gxf6 12. Bf4 Kd7 13. Nc7 Ra5 14. b4 cxb3 15. Bb5 Bd6 16. Bxd6 Kxd6 17. Bxc6 Kxc6 18. Ne8 b2 19. Rb1 Rxa2 20. O-O h5 21. Nh4 Rh6 22. Ng7 Rh7 23. Rfe1 Rxg7 24. h3 Bd7 25. Re2 Ra1 26. Rxb2 Rxb1+ 27. Rxb1 Ne7 28. f3 Nf5 29. Nxf5 exf5 30. Rc1 Be6 31. Kf2 f4 32. Rg1 h4 33. Ke2 b5 34. Kd3 b6 35. Kc2 Bxh3 36. Kb3 Rxg2 37. Rxg2 Bxg2 38. Kc2 h3 39. Kd2 h2 40. Ke1 h1=Q+ 41. Kf2 Qf1# 0-1

[Event "Junior Online 4NCL Division 5"]
[Site "online"]
[Date "2021.04.01"]
[EventDate "2021.04.01"]
[Round "6.153"]
[White "Wieleba, Hugo"]
[WhiteElo "1384"]
[WhiteTeam "Wanstead Warriors 2"]
[Black "Han, Qixiang"]
[BlackElo "1023"]
[BlackTeam "JHJ Shark Tank 8"]
[Result "1-0"]
[PlyCount "135"]

1. c4 e6 2. g3 Nf6 3. d3 d5 4. Qb3 g6 5. Bg2 c6 6. Nf3 Bg7 7. Bg5 Nbd7 8. O-O O-O 9. Nbd2 h6 10. Bxf6 Qxf6 11. Rab1 dxc4 12. Nxc4 Qe7 13. Qa3 Qxa3 14. Nxa3 b6 15. b3 Bb7 16. Nc2 c5 17. d4 cxd4 18. Nfxd4 Bxg2 19. Kxg2 e5 20. Nc6 Rfe8 21. Ne3 a5 22. Rbd1 Nc5 23. Rd5 Rac8 24. Na7 Rcd8 25. Rxd8 Rxd8 26. Nc4 e4 27. f3 exf3+ 28. Rxf3 Ne6 29. Re3 h5 30. Nc6 Rd7 31. Kf3 Nd4+ 32. Nxd4 Bxd4 33. Rd3 b5 34. Na3 b4 35. Nc2 f5 36. Nxd4 Rc7 37. Re3 Kf7 38. Nb5 Rd7 39. Rd3 Rxd3+ 40. exd3 Ke6 41. Kf4 Kf6 42. Nc7 g5+ 43. Kf3 Ke5 44. h4 g4+ 45. Kg2 Kd4 46. Ne6+ Kxd3 47. Nf4+ Kc2 48. Nxh5 Kb2 49. Nf4 Kxa2 50. h5 Kxb3 51. h6 a4 52. h7 a3 53. h8=Q a2 54. Qg8+ Ka3 55. Qa8+ Kb3 56. Qd5+ Ka3 57. Qd1 b3 58. Qc1+ Ka4 59. Qb2 Kb4 60. Nd5+ Ka4 61. Nc3+ Kb4 62. Nxa2+ Ka4 63. Nc1 Ka5 64. Nxb3+ Ka6 65. Nd4 Ka7 66. Nxf5 Ka8 67. Nd6 Ka7 68. Qb7# 1-0

[Event "Junior Online 4NCL Division 5"]
[Site "online"]
[Date "2021.04.01"]
[EventDate "2021.04.01"]
[Round "6.154"]
[White "Pipalia, Ayush"]
[WhiteElo "1022"]
[WhiteTeam "JHJ Shark Tank 8"]
[Black "Mukherjee, Aradhya"]
[BlackElo "1337"]
[BlackTeam "Wanstead Warriors 2"]
[Result "0-1"]
[PlyCount "80"]

1. d4 c5 2. dxc5 e5 3. e4 Bxc5 4. Nf3 Nc6 5. Bc4 d6 6. Ng5 h6 7. Nxf7 Qh4 8. g3 Qxe4+ 9. Kf1 Qxh1+ 10. Ke2 Qe4+ 11. Kf1 Qxc4+ 12. Qe2 Qxe2+ 13. Kxe2 Kxf7 14. Nc3 Nd4+ 15. Kd3 Bf5+ 16. Kd2 Nxc2 17. Rb1 Bxf2 18. Nd1 Bb6 19. Nc3 Ne3 20. Ke2 Bxb1 21. Nxb1 d5 22. Bxe3 Bxe3 23. Kxe3 Nf6 24. Nc3 d4+ 25. Kd3 dxc3 26. bxc3 e4+ 27. Ke3 Rad8 28. h4 Rd3+ 29. Ke2 Rhd8 30. h5 e3 31. Ke1 Ng4 32. a4 Rd1+ 33. Ke2 R8d2+ 34. Kf3 e2 35. Kxg4 e1=Q 36. c4 Rg2 37. a5 Qxg3+ 38. Kf5 Rf1+ 39. Ke4 Re2+ 40. Kd5 Qe5# 0-1

[Event "Junior Online 4NCL Division 5"]
[Site "online"]
[Date "2021.04.01"]
[EventDate "2021.04.01"]
[Round "6.155"]
[White "Harb, Laith A"]
[WhiteElo "1256"]
[WhiteTeam "JHJ Shark Tank 8"]
[Black "Stevens, Tobias"]
[BlackElo "1468"]
[BlackTeam "Wanstead Warriors 2"]
[Result "1/2-1/2"]
[PlyCount "135"]

1. d4 d5 2. c4 e6 3. Nc3 c6 4. a3 Nf6 5. Bg5 Be7 6. Nf3 O-O 7. e3 Nh5 8. Bxe7 Qxe7 9. Bd3 Nf6 10. O-O Rd8 11. Qc2 dxc4 12. Bxc4 Na6 13. Rfd1 b5 14. Bd3 Bb7 15. Qe2 c5 16. Bxb5 cxd4 17. Nxd4 Nc7 18. Bc6 Bxc6 19. Nxc6 Rxd1+ 20. Rxd1 Qc5 21. Nd4 Rd8 22. Nf3 Rxd1+ 23. Qxd1 Qb6 24. Qd8+ Nce8 25. Qxb6 axb6 26. Nd4 Nd6 27. Na4 b5 28. Nc3 Nfe4 29. Nxe4 Nxe4 30. Nxb5 Nc5 31. Kf1 Nd3 32. b3 Kf8 33. b4 Nb2 34. Ke2 Ke7 35. Kd2 f5 36. Kc3 Na4+ 37. Kb3 Nb6 38. a4 g5 39. Nd4 f4 40. exf4 gxf4 41. a5 Na8 42. b5 e5 43. Nc6+ Kd6 44. Kc4 e4 45. Kd4 f3 46. gxf3 exf3 47. Ke3 Kc5 48. Kxf3 Kxb5 49. Ne5 Kxa5 50. Ke4 Nc7 51. f4 Ne8 52. f5 Kb5 53. Nd7 Kc6 54. Nf8 Kd6 55. Kf4 Ke7 56. Nxh7 Kf7 57. Ng5+ Kg7 58. h4 Kh6 59. Ke5 Kh5 60. f6 Nxf6 61. Nf3 Ng4+ 62. Kf4 Nf2 63. Kg3 Ng4 64. Nd4 Ne5 65. Nf5 Ng6 66. Ng7+ Kh6 67. Ne6 Nxh4 68. Kxh4 1/2-1/2

[Event "Junior Online 4NCL Division 5"]
[Site "online"]
[Date "2021.04.01"]
[EventDate "2021.04.01"]
[Round "6.156"]
[White "Ta, Duc"]
[WhiteElo "1351"]
[WhiteTeam "Wanstead Warriors 2"]
[Black "Stacey, Edward"]
[BlackElo "1255"]
[BlackTeam "JHJ Shark Tank 8"]
[Result "0-1"]
[PlyCount "132"]

1. d4 d5 2. Bf4 Nc6 3. e3 Nf6 4. Nd2 Bf5 5. c4 e6 6. Ngf3 Bd6 7. Bg3 Bxg3 8. hxg3 Bg4 9. Qc2 Bxf3 10. Nxf3 a6 11. Bd3 Qd7 12. a3 Rb8 13. c5 b5 14. b4 a5 15. Qd2 a4 16. Ke2 Ne4 17. Bxe4 dxe4 18. Ne5 Nxe5 19. dxe5 Qxd2+ 20. Kxd2 Rd8+ 21. Ke2 O-O 22. Rad1 Rxd1 23. Rxd1 Rc8 24. Rd7 Kf8 25. Rd4 Ke7 26. Rxe4 f5 27. Rd4 Rd8 28. Kf3 Rxd4 29. exd4 g5 30. Ke3 Kd7 31. Ke2 Kc6 32. Kd2 Kd5 33. Kd3 h5 34. f3 g4 35. Kc3 gxf3 36. gxf3 f4 37. g4 h4 38. g5 h3 39. g6 h2 40. g7 h1=Q 41. g8=Q Qxf3+ 42. Kc2 Qb3+ 43. Kd2 Qxa3 44. Qa8+ Kc4 45. Qe4 Qxb4+ 46. Kc2 Qc3+ 47. Kd1 Qxd4+ 48. Qxd4+ Kxd4 49. Kc2 Kxc5 50. Kb2 Kd4 51. Kc2 Kxe5 52. Kd2 a3 53. Kc2 f3 54. Kd2 a2 55. Kc2 f2 56. Kb2 f1=Q 57. Kxa2 Qd3 58. Kb2 Kd4 59. Ka2 e5 60. Kb2 e4 61. Kc1 e3 62. Kb2 e2 63. Ka2 e1=Q 64. Kb2 Qec3+ 65. Ka2 Qdd2+ 66. Kb1 Qcc1# 0-1